logo

Bir Sreshtho Munshi Abdur Rouf Library
Jhenaidah Cadet College

বাংলার সেরা হাসির গল্প / (Record no. 2526)

MARC details
000 -LEADER
fixed length control field 00662nam a2200217 a 4500
001 - CONTROL NUMBER
JCCL Control Number 2526
003 - CONTROL NUMBER IDENTIFIER
JCCL marc code BD-JhCC
005 - DATE AND TIME OF LATEST TRANSACTION
control field 20190917134018.0
008 - FIXED-LENGTH DATA ELEMENTS--GENERAL INFORMATION
fixed length control field 171104s2004 bg ||||| |||| 00| 0 ben d
035 ## - SYSTEM CONTROL NUMBER
system control number (BD-JhCC)2526
040 ## - CATALOGING SOURCE
Original cataloging agency BD-JhCC
Modifying agency BD-JhCC
041 ## - LANGUAGE CODE
Language code of Book ben
082 ## - DEWEY DECIMAL CLASSIFICATION NUMBER
Classification number 891.4435
Author mark and Year HAI 2004
100 ## - MAIN ENTRY--PERSONAL NAME
Personal name হায়দার, মাসুদ
245 ## - TITLE STATEMENT
Title বাংলার সেরা হাসির গল্প /
Statement of responsibility, etc মাসুদ হায়দার
260 ## - PUBLICATION, DISTRIBUTION, ETC. (IMPRINT)
Place of publication, distribution, etc ঢাকা :
Name of publisher, distributor, etc গতিধারা প্রকাশনী,
Date of publication, distribution, etc 2004.
300 ## - PHYSICAL DESCRIPTION
Pagination 90 p. :
Dimensions 21 cm.
650 ## - SUBJECT ADDED ENTRY--TOPICAL TERM
Topical term or geographic name as entry element Comics Story
942 ## - ADDED ENTRY ELEMENTS (KOHA)
Source of classification or shelving scheme Dewey Decimal Classification
Koha item type Books
Koha issues (borrowed), all copies 2
Holdings
Source of classification or shelving scheme Damaged status Not for loan Home library Current library Shelving location Date of accession Cost, normal purchase price Total Checkouts Full call number Barcode Date last seen Date checked out Copy number Koha item type
Dewey Decimal Classification     JCC Rouf Library JCC Rouf Library General Stacks 11/05/2017 70.00 2 891.4435 HAI 2004 4182 09/24/2019 09/17/2019 C-1 Books

JCC Library | Contacts | JCC Home

Last Update on 23 September 2017
Copyright @ 2017-2020 JCC Rouf Library
Rouf Library, Jhenidah Cadet College (JCC), Bangladesh